000 01701cam a2200409 a 4500
999 _c50557
_d50557
001 15042392
003 GE_BSU
005 20200207114635.0
008 071012s2008 njua b 001 0 eng
010 _a 2007042712
015 _aGBA822404
_2bnb
016 7 _a014530629
_2Uk
020 _a9780470146194 (cloth)
020 _a0470146192 (cloth)
035 _a(OCoLC)ocn175218149
035 _a(OCoLC)175218149
040 _aDLC
_cDLC
_dBAKER
_dBTCTA
_dUKM
_dYDXCP
_dC#P
_dIXA
_dDLC
041 _aeng
050 0 0 _aQA320
_b.P765 2008
082 0 0 _a517 P-93
_222
100 1 _aPromislow, S. David.
_96865
245 1 2 _aA first course in functional analysis /
_cS. David Promislow.
260 _aHoboken, N.J. :
_bWiley-Interscience,
_cc2008.
300 _axiii, 307 p. :
_bill. ;
_c25 cm.
490 1 _aPure and applied mathematics
504 _aIncludes bibliographical references (p. 297-298) and index.
650 0 _aFunctional analysis.
_96866
653 _aმათემატიკა
653 _aფუნქციონალური ანალიზი
830 0 _aPure and applied mathematics (John Wiley & Sons : Unnumbered)
_96867
856 4 2 _3Publisher description
_uhttp://www.loc.gov/catdir/enhancements/fy0805/2007042712-d.html
856 4 1 _3Table of contents only
_uhttp://www.loc.gov/catdir/enhancements/fy0805/2007042712-t.html
856 4 2 _3Contributor biographical information
_uhttp://www.loc.gov/catdir/enhancements/fy0826/2007042712-b.html
906 _a7
_bcbc
_corignew
_d1
_eecip
_f20
_gy-gencatlg
942 _2udc
_cBK
955 _ajp02 2007-10-12
_ajp02 2007-10-12 telework
_ijp02 2007-10-12
_aaa07 2007-10-17
_aps13 2008-05-06 1 copy rec'd., to CIP ver.